<?xml version="1.0" encoding="UTF-8"?>
<collection xmlns="http://www.loc.gov/MARC21/slim">
 <record>
  <leader>02712cam a2200601   4500</leader>
  <controlfield tag="001">039704688</controlfield>
  <controlfield tag="003">DE-627</controlfield>
  <controlfield tag="005">20240329184856.0</controlfield>
  <controlfield tag="007">tu</controlfield>
  <controlfield tag="008">950803s1976    xxk|||||      00| ||eng c</controlfield>
  <datafield tag="020" ind1=" " ind2=" ">
   <subfield code="a">0854810544</subfield>
   <subfield code="9">0-85481-054-4</subfield>
  </datafield>
  <datafield tag="020" ind1=" " ind2=" ">
   <subfield code="a">9004048634</subfield>
   <subfield code="9">90-04-04863-4</subfield>
  </datafield>
  <datafield tag="035" ind1=" " ind2=" ">
   <subfield code="a">(DE-627)039704688</subfield>
  </datafield>
  <datafield tag="035" ind1=" " ind2=" ">
   <subfield code="a">(DE-576)022671641</subfield>
  </datafield>
  <datafield tag="035" ind1=" " ind2=" ">
   <subfield code="a">(DE-599)GBV039704688</subfield>
  </datafield>
  <datafield tag="035" ind1=" " ind2=" ">
   <subfield code="a">(OCoLC)3291034</subfield>
  </datafield>
  <datafield tag="035" ind1=" " ind2=" ">
   <subfield code="a">(OCoLC)03291034</subfield>
  </datafield>
  <datafield tag="035" ind1=" " ind2=" ">
   <subfield code="a">(DE-604)8063814285</subfield>
  </datafield>
  <datafield tag="040" ind1=" " ind2=" ">
   <subfield code="a">DE-627</subfield>
   <subfield code="b">ger</subfield>
   <subfield code="c">DE-627</subfield>
   <subfield code="e">rakwb</subfield>
  </datafield>
  <datafield tag="041" ind1=" " ind2=" ">
   <subfield code="a">eng</subfield>
  </datafield>
  <datafield tag="044" ind1=" " ind2=" ">
   <subfield code="c">XA-GB</subfield>
  </datafield>
  <datafield tag="050" ind1=" " ind2="0">
   <subfield code="a">NC257.C293</subfield>
  </datafield>
  <datafield tag="082" ind1="0" ind2=" ">
   <subfield code="a">741/.092/4</subfield>
  </datafield>
  <datafield tag="084" ind1=" " ind2=" ">
   <subfield code="a">9,10</subfield>
   <subfield code="2">ssgn</subfield>
  </datafield>
  <datafield tag="084" ind1=" " ind2=" ">
   <subfield code="a">LI 24380</subfield>
   <subfield code="2">rvk</subfield>
   <subfield code="0">(DE-625)rvk/95824:</subfield>
  </datafield>
  <datafield tag="084" ind1=" " ind2=" ">
   <subfield code="a">LI 99999</subfield>
   <subfield code="2">rvk</subfield>
   <subfield code="0">(DE-625)rvk/97471:</subfield>
  </datafield>
  <datafield tag="100" ind1="1" ind2=" ">
   <subfield code="a">Canedy, Norman W.</subfield>
   <subfield code="0">(DE-588)134153200</subfield>
   <subfield code="0">(DE-627)561362688</subfield>
   <subfield code="0">(DE-576)167293427</subfield>
   <subfield code="4">aut</subfield>
  </datafield>
  <datafield tag="245" ind1="1" ind2="4">
   <subfield code="a">The Roman sketchbook of Girolamo da Carpi</subfield>
   <subfield code="c">Norman W. Canedy</subfield>
  </datafield>
  <datafield tag="264" ind1=" " ind2="1">
   <subfield code="a">London</subfield>
   <subfield code="b">Warburg Institute [u.a.]</subfield>
   <subfield code="c">1976</subfield>
  </datafield>
  <datafield tag="300" ind1=" " ind2=" ">
   <subfield code="a">XXIV, 151, 54 S.</subfield>
   <subfield code="b">zahlr. Ill.</subfield>
  </datafield>
  <datafield tag="336" ind1=" " ind2=" ">
   <subfield code="a">Text</subfield>
   <subfield code="b">txt</subfield>
   <subfield code="2">rdacontent</subfield>
  </datafield>
  <datafield tag="337" ind1=" " ind2=" ">
   <subfield code="a">ohne Hilfsmittel zu benutzen</subfield>
   <subfield code="b">n</subfield>
   <subfield code="2">rdamedia</subfield>
  </datafield>
  <datafield tag="338" ind1=" " ind2=" ">
   <subfield code="a">Band</subfield>
   <subfield code="b">nc</subfield>
   <subfield code="2">rdacarrier</subfield>
  </datafield>
  <datafield tag="490" ind1="1" ind2=" ">
   <subfield code="a">Studies of the Warburg Institute</subfield>
   <subfield code="v">35</subfield>
  </datafield>
  <datafield tag="500" ind1=" " ind2=" ">
   <subfield code="a">30 cm. - Includes indexes. - Bibliography: p. [xv]-xxiv</subfield>
  </datafield>
  <datafield tag="583" ind1="1" ind2=" ">
   <subfield code="a">Archivierung/Langzeitarchivierung gewährleistet</subfield>
   <subfield code="f">SSG</subfield>
   <subfield code="x">XA-DE-BW</subfield>
   <subfield code="2">pdager</subfield>
   <subfield code="5">DE-16</subfield>
  </datafield>
  <datafield tag="653" ind1=" " ind2="0">
   <subfield code="a">Carpi, Girolamo da</subfield>
   <subfield code="a">1501-1556</subfield>
   <subfield code="a">Notebooks, sketchbooks, etc</subfield>
  </datafield>
  <datafield tag="653" ind1=" " ind2="0">
   <subfield code="a">Rome (Italy)</subfield>
   <subfield code="a">In art</subfield>
   <subfield code="a">Catalogs</subfield>
  </datafield>
  <datafield tag="653" ind1=" " ind2="0">
   <subfield code="a">Mannerism (Art)</subfield>
   <subfield code="a">Italy</subfield>
   <subfield code="a">Rome</subfield>
   <subfield code="a">Catalogs</subfield>
  </datafield>
  <datafield tag="689" ind1="0" ind2="0">
   <subfield code="d">p</subfield>
   <subfield code="0">(DE-588)102421978</subfield>
   <subfield code="0">(DE-627)076781704</subfield>
   <subfield code="0">(DE-576)214214222</subfield>
   <subfield code="a">Carpi, Girolamo da</subfield>
   <subfield code="d">1501-1556</subfield>
   <subfield code="2">gnd</subfield>
  </datafield>
  <datafield tag="689" ind1="0" ind2="1">
   <subfield code="d">s</subfield>
   <subfield code="0">(DE-588)4055251-2</subfield>
   <subfield code="0">(DE-627)106159038</subfield>
   <subfield code="0">(DE-576)209112867</subfield>
   <subfield code="a">Skizzenbuch</subfield>
   <subfield code="2">gnd</subfield>
  </datafield>
  <datafield tag="689" ind1="0" ind2=" ">
   <subfield code="5">(DE-627)</subfield>
  </datafield>
  <datafield tag="700" ind1="1" ind2=" ">
   <subfield code="a">Carpi, Girolamo da</subfield>
   <subfield code="e">Ill.</subfield>
   <subfield code="0">(DE-627)1237531748</subfield>
   <subfield code="0">(DE-576)167531743</subfield>
   <subfield code="4">ill</subfield>
  </datafield>
  <datafield tag="787" ind1="0" ind2="8">
   <subfield code="i">Rezensiert in</subfield>
   <subfield code="a">Niggl, Reto, 1941 - </subfield>
   <subfield code="t">[Rezension von: Norman W. Canedy, The Roman Sketchbook of Girolamo da Carpi]</subfield>
   <subfield code="d">1978</subfield>
   <subfield code="w">(DE-627)1854073435</subfield>
  </datafield>
  <datafield tag="810" ind1="2" ind2=" ">
   <subfield code="a">Warburg Institute</subfield>
   <subfield code="t">Studies of the Warburg Institute</subfield>
   <subfield code="v">35</subfield>
   <subfield code="9">35</subfield>
   <subfield code="w">(DE-627)130658308</subfield>
   <subfield code="w">(DE-576)000810193</subfield>
   <subfield code="w">(DE-600)847151-4</subfield>
   <subfield code="x">0083-7199</subfield>
   <subfield code="7">ns</subfield>
  </datafield>
  <datafield tag="935" ind1=" " ind2=" ">
   <subfield code="i">Blocktest</subfield>
  </datafield>
  <datafield tag="936" ind1="r" ind2="v">
   <subfield code="a">LI 24380</subfield>
   <subfield code="b">DaCarpi, Girolamo</subfield>
   <subfield code="k">Kunstgeschichte</subfield>
   <subfield code="k">Künstler-Monografien</subfield>
   <subfield code="k">Alphabetische Künstlerliste</subfield>
   <subfield code="k">Künstler D</subfield>
   <subfield code="k">DaCarpi, Girolamo</subfield>
   <subfield code="0">(DE-627)1271130505</subfield>
   <subfield code="0">(DE-625)rvk/95824:</subfield>
   <subfield code="0">(DE-576)201130505</subfield>
  </datafield>
  <datafield tag="936" ind1="r" ind2="v">
   <subfield code="a">LI 99999</subfield>
   <subfield code="b">Sonstige (CSN der Person)</subfield>
   <subfield code="k">Kunstgeschichte</subfield>
   <subfield code="k">Künstler-Monografien</subfield>
   <subfield code="k">Sonstige (CSN der Person)</subfield>
   <subfield code="0">(DE-627)1270635948</subfield>
   <subfield code="0">(DE-625)rvk/97471:</subfield>
   <subfield code="0">(DE-576)200635948</subfield>
  </datafield>
  <datafield tag="951" ind1=" " ind2=" ">
   <subfield code="a">BO</subfield>
  </datafield>
  <datafield tag="990" ind1=" " ind2=" ">
   <subfield code="a">Carpi, Girolamo da</subfield>
  </datafield>
  <datafield tag="990" ind1=" " ind2=" ">
   <subfield code="a">Skizzenbuch</subfield>
  </datafield>
  <datafield tag="991" ind1=" " ind2=" ">
   <subfield code="a">Rezensiertes Werk</subfield>
  </datafield>
  <datafield tag="999" ind1=" " ind2=" ">
   <subfield code="a">KXP-PPN039704688</subfield>
   <subfield code="e">4370383587</subfield>
  </datafield>
 </record>
</collection>
